U.S. States With the Most Haunted Houses - Statistics

General Stats
  • This quiz has been taken 30 times
  • The average score is 8 of 12
Answer Stats
# of Haunted Houses Answer % Correct
125 California
92%
78 New York
92%
98 Texas
88%
91 Florida
77%
98 Pennsylvania
77%
130 Ohio
73%
103 Illinois
69%
86 Indiana
62%
70 Tennessee
58%
74 Michigan
54%
75 Kentucky
46%
61 Missouri
46%
No matching quizzes found
Score Distribution
Percent of People with Each Score
Percentile by Number Answered
Your Score History
You have not taken this quiz